000 00295nam a2200121Ia 4500
008 190216s9999||||xx |||||||||||||| ||und||
100 _aRajendran M D
245 0 _aSindhuvintay Nakshathrangal
260 _bC I C C Book House
_c1989
300 _a195p
650 _aMalayalam Novel
942 _cBK
999 _c27734
_d27734